Main factors of the global food security

Index globálneho potravinového zabezpečenia. Hlavné ukazovatele indexu - dostupnosť, disponibilnosť, kvalita a bezpečnosť.

Salvato in:
Dettagli Bibliografici
Autore principale: Jurkovičová, Lujza
Natura: Capitolo di libro
Lingua:inglese
Soggetti:
Tags: Aggiungi Tag
Nessun Tag, puoi essere il primo ad aggiungerne!!

MARC

LEADER 00000naa$a2200000$$$4500
001 0198877
005 20240502083505.5
041 0 |a eng 
044 |a CZ 
245 1 0 |a Main factors of the global food security  |c Lujza Jurkovičová 
520 |a Index globálneho potravinového zabezpečenia. Hlavné ukazovatele indexu - dostupnosť, disponibilnosť, kvalita a bezpečnosť. 
610 2 0 |a indexy 
610 2 0 |a potraviny 
610 2 0 |a bezpečnosť potravinová 
610 2 0 |a kvalita potravín 
610 2 0 |a organizácie medzinárodné 
100 1 |a Jurkovičová, Lujza